New Atlas of Human Anatomy / (Registro nro. 7548)

Detalles MARC
000 -LEADER
fixed length control field 01274nam a2200277 a 4500
001 - CONTROL NUMBER
control field 0000024368
003 - CONTROL NUMBER IDENTIFIER
control field CO-CtgCURN
005 - DATE AND TIME OF LATEST TRANSACTION
control field 20250521173538.0
007 - PHYSICAL DESCRIPTION FIXED FIELD--GENERAL INFORMATION
fixed length control field ta
008 - FIXED-LENGTH DATA ELEMENTS--GENERAL INFORMATION
fixed length control field 160628s2000 cou 000 0 eng d
020 ## - INTERNATIONAL STANDARD BOOK NUMBER
International Standard Book Number 1586630970
040 ## - CATALOGING SOURCE
Original cataloging agency CO-CtgCURN
Language of cataloging spa
Transcribing agency coctgcurn
082 0# - DEWEY DECIMAL CLASSIFICATION NUMBER
Classification number R611.91
Item number M132
100 1# - MAIN ENTRY--PERSONAL NAME
Personal name McCracken, Thomas.
245 10 - TITLE STATEMENT
Title New Atlas of Human Anatomy /
Statement of responsibility, etc. General editor: Thomas McCracken; Contributing Richard Walker.
260 #1 - PUBLICATION, DISTRIBUTION, ETC.
Place of publication, distribution, etc. Colorado : :
Name of publisher, distributor, etc. MetroBooks,,
Date of publication, distribution, etc. 2000.
300 ## - PHYSICAL DESCRIPTION
Extent 239 p.
500 ## - GENERAL NOTE
General note Incluye indice.
505 8# - FORMATTED CONTENTS NOTE
Formatted contents note v.1--Anatomia general.--Parte y regiones del cuerpo.--Aparato locomotor.--Aparato digestivo y respiratorio.--Cabeza y cuello.--Regiones de la cabeza y cuello.--Huesos del craneo y articulacion.--Miembro superior.--Encefalo.--Ojo.--Oido.--v.2--Tronco.--Visceras y miembro inferior.--Dorso del tronco.--Pared toracica y abdominal.--Visceras abdominales y pelvianas.--Huesos articulaciones y ligamentos.--Suelo de la pelvis y perine genitales masculinos
650 14 - SUBJECT ADDED ENTRY--TOPICAL TERM
Topical term or geographic name entry element Anatomía humana.
650 14 - SUBJECT ADDED ENTRY--TOPICAL TERM
Topical term or geographic name entry element Anatomía humana
Form subdivision Nomenclatura.
700 1# - ADDED ENTRY--PERSONAL NAME
Personal name R. abst.
908 ## - PUT COMMAND PARAMETER (RLIN)
Put command parameter 160627
942 ## - ADDED ENTRY ELEMENTS (KOHA)
Koha item type Diccionarios
Classification part R611.91
Item part S677a
Source of classification or shelving scheme Dewey Decimal Classification
Suppress in OPAC No
Existencias
Withdrawn status Lost status Source of classification or shelving scheme Damaged status Not for loan Collection Home library Current library Shelving location Date acquired Inventory number Total checkouts Full call number Barcode Date last seen Price effective from Koha item type Public note
    Dewey Decimal Classification     Referencia Miguel Henríquez Emiliani Miguel Henríquez Emiliani Referencia 06/22/2017 022653   R611.91 S677a 022653 03/29/2025 03/29/2025 Diccionarios 610-CIENME